|
|
|
|
| LEADER |
01134nam a2200253 a 4500 |
| 001 |
1307318 |
| 008 |
100720s1972 mau b 001 0 eng d |
| 010 |
|
|
|a 77172024
|
| 020 |
|
|
|a 0395046955
|
| 040 |
|
|
|a DLC
|c DLC
|d DLC
|d DB-DhAAL
|
| 082 |
0 |
0 |
|a 658.4/03
|
| 100 |
1 |
|
|a Johnson, Richard Arvid,
|d 1917-
|
| 245 |
1 |
0 |
|a Operations management;
|b a systems concept /
|c Richard A. Johnson, William T. Newell and Roger C. Vergin.
|
| 260 |
|
|
|a Boston :
|b Houghton Mifflin,
|c c1972
|
| 300 |
|
|
|a iv, 546 p. ;
|c 25 cm.
|
| 504 |
|
|
|a Includes bibliographical references.
|
| 541 |
1 |
|
|e 00001480
|
| 650 |
|
0 |
|a Operations research.
|
| 700 |
1 |
|
|a Newell, William T.,
|e joint author.
|
| 700 |
1 |
|
|a Vergin, Roger C.,
|e joint author.
|
| 852 |
4 |
|
|a Ayesha Abed Library
|j General Shelf.
|
| 999 |
|
|
|c 9279
|d 9279
|
| 952 |
|
|
|0 0
|1 0
|2 ddc
|4 0
|6 658_403000000000000_JON
|7 0
|9 17766
|a BRACUL
|b BRACUL
|c GEN
|d 2011-08-04
|g 0.00
|l 2
|m 25
|o 658.403 JON
|p 3010001480
|r 2018-02-04
|s 2018-01-30
|t 1
|w 2011-08-04
|y BK
|z Not price in Register
|
| 952 |
|
|
|0 0
|1 0
|2 ddc
|4 0
|6 658_403000000000000_JON
|7 0
|9 43216
|a SCL
|b SCL
|c GEN
|d 1998-11-16
|l 2
|o 658.403 JON
|p 3020000700
|r 2025-07-07
|s 2025-06-28
|t 2
|w 2014-07-16
|y BK
|